Introductory statistics /
An updated and revised edition of the popular introduction to statistics for students of economics or business, suitable for a one- or two-semester course. Presents an approach that is generally available only in much more advanced texts, yet uses the simplest mathematics consistent with a sound pre...
محفوظ في:
| المؤلف الرئيسي: | |
|---|---|
| مؤلفون آخرون: | |
| التنسيق: | كتاب |
| منشور في: |
New York :
Wiley,
c1990.
|
| الطبعة: | 5th ed. |
| سلاسل: | Wiley series in probability and mathematical statistics. Applied probability and statistics
|
| الموضوعات: | |
| الوصول للمادة أونلاين: | http://www.loc.gov/catdir/description/wiley035/89032904.html http://www.loc.gov/catdir/toc/onix06/89032904.html |
| الوسوم: |
إضافة وسم
لا توجد وسوم, كن أول من يضع وسما على هذه التسجيلة!
|
MARC
| LEADER | 00000cam a2200000 a 4500 | ||
|---|---|---|---|
| 020 | |a 0471615188 |c TZS 73,150/= | ||
| 040 | |a MUL |b eng |e AACR | ||
| 082 | 0 | 0 | |a 519.5 WON |
| 100 | 1 | |a Wonnacott, Thomas H., | |
| 245 | 1 | 0 | |a Introductory statistics / |c Thomas H. Wonnacott and Ronald J. Wonnacott. |
| 250 | |a 5th ed. | ||
| 260 | |a New York : |b Wiley, |c c1990. | ||
| 300 | |a xvi, 711 p. : |b some col. ill. ; |c 25 cm. | ||
| 440 | 0 | |a Wiley series in probability and mathematical statistics. |p Applied probability and statistics | |
| 500 | |a R.J. Wonnacott's name appears first on the 4th ed. | ||
| 500 | |a Includes index. | ||
| 504 | |a Bibliography: p.679-683. | ||
| 520 | |a An updated and revised edition of the popular introduction to statistics for students of economics or business, suitable for a one- or two-semester course. Presents an approach that is generally available only in much more advanced texts, yet uses the simplest mathematics consistent with a sound presentation. This Fifth Edition includes a wealth of new problems and examples (many of them real-life problems drawn from the literature) to support the theoretical discussion. Emphasizes the regression model, including nonlinear and multiple regression. Topics covered include randomization to eliminate bias, exploratory data analysis, graphs, expected value in bidding, the bootstrap, path analysis, robust estimation, maximum likelihood estimation and Bayesian estimation and decisions | ||
| 546 | |a eng | ||
| 650 | 0 | |a Statistics. | |
| 650 | 0 | |a Mathematical statistics | |
| 700 | 1 | |a Wonnacott, Ronald J. | |
| 856 | 4 | 2 | |u http://www.loc.gov/catdir/description/wiley035/89032904.html |
| 856 | 4 | |u http://www.loc.gov/catdir/toc/onix06/89032904.html | |
| 942 | |c BK | ||
| 999 | |c 3316 |d 3316 | ||